A study of general categories applicable to classification and coding in documentation / (Record no. 612)
[ view plain ]
| 000 -LEADER | |
|---|---|
| fixed length control field | 01055cam a22003011 4500 |
| 001 - CONTROL NUMBER | |
| control field | 612 |
| 003 - CONTROL NUMBER IDENTIFIER | |
| rucl marc code | BD-RjUL |
| 005 - DATE AND TIME OF LATEST TRANSACTION | |
| control field | 20211208233215.0 |
| 008 - FIXED-LENGTH DATA ELEMENTS--GENERAL INFORMATION | |
| fixed length control field | 131130s1962 fr b 000 0 eng |
| 035 ## - SYSTEM CONTROL NUMBER | |
| System control number | (BD-RjUL)630 |
| System control number | (OCoLC)574661 |
| 040 ## - CATALOGING SOURCE | |
| Original cataloging agency | DLC |
| Transcribing agency | ODaWU |
| Modifying agency | OCoLC |
| -- | Uk |
| -- | BD-RjUL |
| Language of cataloging | eng |
| 041 1# - LANGUAGE CODE | |
| Language code of text/sound track or separate title | eng |
| Language code of original | fre |
| 082 04 - DEWEY DECIMAL CLASSIFICATION NUMBER | |
| Classification number | 010.78 |
| Edition number | 20 |
| Author mark and year | GRS 1962 |
| 100 1# - MAIN ENTRY--PERSONAL NAME | |
| Personal name | Grolier, Eric de. |
| 9 (RLIN) | 1872 |
| 245 02 - TITLE STATEMENT | |
| Title | A study of general categories applicable to classification and coding in documentation / |
| Statement of responsibility, etc. | Eric de Grolier. |
| 260 ## - PUBLICATION, DISTRIBUTION, ETC. (IMPRINT) | |
| Place of publication, distribution, etc. | Paris : |
| Name of publisher, distributor, etc. | Unesco, |
| Date of publication, distribution, etc. | c1962. |
| 300 ## - PHYSICAL DESCRIPTION | |
| Pagination | 248 p. ; |
| Size | 22 cm. |
| 500 ## - GENERAL NOTE | |
| General note | Translation from the French text, by the National Science Foundation. Revised by Anthony Thompson. |
| 504 ## - BIBLIOGRAPHY, ETC. NOTE | |
| Bibliography, etc | Bibliographical references included in "Notes" (p. 161-248) |
| 650 #0 - SUBJECT ADDED ENTRY--TOPICAL TERM | |
| Topical term or geographic name as entry element | Classification. |
| 9 (RLIN) | 1873 |
| Topical term or geographic name as entry element | Subject headings. |
| 9 (RLIN) | 1585 |
| Topical term or geographic name as entry element | Information storage and retrieval systems. |
| 9 (RLIN) | 1398 |
| Topical term or geographic name as entry element | Programming languages (Electronic computers) |
| 9 (RLIN) | 1026 |
| 942 ## - ADDED ENTRY ELEMENTS (KOHA) | |
| Source of classification or shelving scheme | Dewey Decimal Classification |
| Koha item type | Books |
| Lost status | Source of classification or shelving scheme | Damaged status | Not for loan | Collection code | Permanent Location | Current Location | Shelving location | Date acquired | Source of acquisition | Cost, normal purchase price | Total Checkouts | Full call number | Date last seen | Copy number | Koha item type |
|---|---|---|---|---|---|---|---|---|---|---|---|---|---|---|---|
| Dewey Decimal Classification | Not For Loan | Non-fiction | Central Library, University of Rajshahi | Central Library, University of Rajshahi | 17/06/1963 | Zeitlinger | 15.00 | 010.78 GRS 1962 | 18/11/2013 | C-1 | Books | ||||
| Dewey Decimal Classification | Non-fiction | Central Library, University of Rajshahi | Central Library, University of Rajshahi | 22/04/2065 | Zeitlinger | 15.00 | 010.78 GRS 1992 | 18/11/2013 | C-2 | Books |